Score 0/12 Timer 04:00
0 Plays Today
% Correct
Augusta, Austin
83.6%
Boise, Boston
74.3%
Denver, Des Moines
60.2%
Charleston, Cheyenne
59.6%
Harrisburg, Hartford
56.5%
Lincoln, Little Rock
47.8%
Montgomery, Montpelier
40.8%
Annapolis, Indianapolis
40.2%
Bismarck, Little Rock
39.5%
Concord, Hartford
38.6%
Atlanta, Augusta
37.4%
Columbia, Olympia
35.1%

You're not logged in!

Compare scores with friends on all Sporcle quizzes.
OR
Log In

Sporcle TV

Today on Sporcle TV


Watch our educational content, quiz creation guides, and fun videos on Sporcle TV.

Show Comments

Extras

Top Quizzes Today


Score Distribution

Your Account Isn't Verified!

In order to create a playlist on Sporcle, you need to verify the email address you used during registration. Go to your Sporcle Settings to finish the process.

Report this User

Report this user for behavior that violates our Community Guidelines.

Details: